| 000 | 00519nam a2200157Ia 4500 | ||
|---|---|---|---|
| 008 | 170221s9999 xx 000 0 und d | ||
| 100 | _aMing Wan | ||
| 245 | _aSRDA: A Secure Routing and Data Aggregation Approach for Wireless Smart Meter | ||
| 245 | _cMing Wan, Wenli Shang, Peng Zeng, and Jianming Zhao | ||
| 260 | _bJournal of Communications | ||
| 260 | _c2014 | ||
| 300 | _a2 : | ||
| 650 | _xCommunication | ||
| 650 | _xMedia Arts | ||
| 856 | _uhttp://www.jocm.us/index.php?m=content&c=index&a=lists&catid=157 | ||
| 999 |
_c308793 _d308793 |
||